| 000 | 00432nam a2200145Ia 4500 | ||
|---|---|---|---|
| 008 | 231129s1998||||xx |||||||||||||| ||spa|| | ||
| 020 | _a958-601-810-5 | ||
| 040 | _bspa | ||
| 082 | _a338.18 ó83p | ||
| 100 | _aOspina Robledo Rosa Inés | ||
| 245 | 0 | _aPara empoderar a las mujeres rurales | |
| 260 | _c1998 | ||
| 264 | _aSantafé de Bogotá Colombia : IICA TM Editores | ||
| 942 |
_2ddc _cBKS |
||
| 999 |
_c22387 _d22387 |
||